The MAGA Quiz - Statistics

General Stats
  • This quiz has been taken 134 times
  • The average score is 6 of 19
Answer Stats
Question Answer % Correct
What does "MAGA" stand for? Make America Great Again
99%
In what year did Trump start using it? 2012
72%
Which piece of clothing is the slogan typically worn on? red cap
65%
Which presidential candidate used this slogan first (in the form "Let's M. A. G. A.")? Ronald Reagan
52%
Who was supposed to fund this policy? Mexico
36%
A manufacturer from which country makes these clothes? USA
36%
What step concerning the Southern border did Trump intend to do in order to achieve MAGA? build a wall
34%
What agreement had Trump withdrawn from, prompting this response? Paris Agreement
29%
Which era does Trump want for America to return to? 1940-1950s
28%
Who surprisingly wore a MAGA hat at a 9/11 memorial in 2024? Joe Biden
25%
What did Trump intend to change the slogan to in his 2020 campaign? Keep America Great
21%
What agreement does he think was the major turn for the worse for America? NAFTA
17%
Which band released a remix album called "Make America Psycho Again" that features the single "Centuries" (2015)? Fall Out Boy
13%
Which rapper released an EP entitled "Make America Crip Again" (in 2017)? Snoop Dogg
8%
Which world politician asked to "Make Our Planet Great Again" in response to Trump's anti-environmentalist actions? Emmanuel Macron
5%
Which comedian started the "Make Donald Drumpf Again" phrase in 2016? John Oliver
5%
What was Trump's password to his Twitter account in 2020? maga2020!
3%
What does the word "Drumpf" refer to? It is the presumed original German version of Trump's surname.
2%
What did the radio host Bobby Bones do with the phrase in 2015? he trademarked it
0%
No matching quizzes found
Score Distribution
Percent of People with Each Score
Percentile by Number Answered
Your Score History
You have not taken this quiz